Central Library OPAC University of Rajshahi

On the threshold of delinquency / (Record no. 5090)

MARC details
000 -LEADER
fixed length control field 00717nam a2200241 a 4500
001 - CONTROL NUMBER
control field 5090
003 - CONTROL NUMBER IDENTIFIER
rucl marc code BD-RjUL
005 - DATE AND TIME OF LATEST TRANSACTION
control field 20211208234016.0
008 - FIXED-LENGTH DATA ELEMENTS--GENERAL INFORMATION
fixed length control field 131224s1959 enk 2 00| 0 eng d
035 ## - SYSTEM CONTROL NUMBER
System control number (BD-RjUL)
System control number (BD-RjUL)5126
040 ## - CATALOGING SOURCE
Original cataloging agency VDU
Language of cataloging eng
Transcribing agency VDU
Modifying agency BD-RjU
041 ## - LANGUAGE CODE
Language code of text/sound track or separate title eng
082 14 - DEWEY DECIMAL CLASSIFICATION NUMBER
Classification number 364.360941
Edition number 19
Author mark and year MAO 1959
100 1# - MAIN ENTRY--PERSONAL NAME
Personal name Mays, John Barron.
9 (RLIN) 15156
245 10 - TITLE STATEMENT
Title On the threshold of delinquency /
Statement of responsibility, etc. by John Barron Mays.
260 ## - PUBLICATION, DISTRIBUTION, ETC. (IMPRINT)
Place of publication, distribution, etc. Liverpool :
Name of publisher, distributor, etc. Liverpool University Press,
Date of publication, distribution, etc. 1959.
300 ## - PHYSICAL DESCRIPTION
Pagination x, 243 p. ;
Size 22 cm.
490 0# - SERIES STATEMENT
Series statement Social research series
504 ## - BIBLIOGRAPHY, ETC. NOTE
Bibliography, etc Includes bibliographical references.
650 #0 - SUBJECT ADDED ENTRY--TOPICAL TERM
Topical term or geographic name as entry element Juvenile delinquents
Geographic subdivision Great Britain.
9 (RLIN) 16033
942 ## - ADDED ENTRY ELEMENTS (KOHA)
Source of classification or shelving scheme Dewey Decimal Classification
Koha item type Books
Holdings
Lost status Source of classification or shelving scheme Damaged status Not for loan Collection code Permanent Location Current Location Shelving location Date acquired Source of acquisition Cost, normal purchase price Total Checkouts Full call number Date last seen Copy number Koha item type
  Dewey Decimal Classification   Not For Loan Non-fiction Central Library, University of Rajshahi Central Library, University of Rajshahi   01/08/1968 Zeithlinger. 25.00   364.360941 MAO 1959 24/12/2013 C-1 Books
  Dewey Decimal Classification     Non-fiction Central Library, University of Rajshahi Central Library, University of Rajshahi   31/08/1968 Zeittinger 25.00   364.360941 MAO 1959 23/08/2016 C-3 Books